A dictionary of historical terms /
Na minha lista:
| Autor principal: | |
|---|---|
| Formato: | Livro |
| Idioma: | English |
| Publicado em: |
Basingstoke, England :
Macmillan Press,
1998.
|
| Assuntos: | |
| Tags: |
Adicionar Tag
Sem tags, seja o primeiro a adicionar uma tag!
|
| Thư viện lưu trữ: | Mạng thư viện Đại học Đà Nẵng |
|---|
| LEADER | 00898cam a2200349 i 4500 | ||
|---|---|---|---|
| 001 | 000045994 | ||
| 003 | 5215 | ||
| 005 | 20030214110119.0 | ||
| 008 | 010220|1998 vm 000 eng | ||
| 020 | |a 0333673484 (pbk.) | ||
| 040 | |a IRC |c IRC |d IRC | ||
| 041 | 0 | |a eng | |
| 082 | 1 | 4 | |a 903 |b CO-C |
| 100 | 1 | |a Cook, Chris, |d 1945- | |
| 245 | 0 | 2 | |a A dictionary of historical terms / |c Chris Cook, 1945- |
| 260 | |a Basingstoke, England : |b Macmillan Press, |c 1998. | ||
| 300 | |a v, 384p. : |b maps. | ||
| 630 | 0 | 4 | |a History. |
| 630 | 0 | 4 | |a Dictionaries. |
| 630 | 0 | 4 | |a World history. |
| 650 | 0 | 4 | |a History |v Dictionaries. |
| 650 | 0 | 4 | |a World history |v Dictionaries. |
| OWN | |a DUT | ||
| 999 | |a From the UDN01 | ||
| TYP | |a Monograph | ||
| TYP | |a Printed language | ||
| 980 | |a Mạng thư viện Đại học Đà Nẵng | ||


